[Event "SRI-ch U14 Girls"]
[Site "Nugegoda"]
[Date "2021.03.11"]
[Round "5"]
[White "Hettiarachchi, DWK"]
[Black "Weerasekara, Dinul Vinsitha"]
[Result "1/2-1/2"]
[WhiteElo "1441"]
[BlackElo "1267"]
[PlyCount "76"]
[EventDate "2021.03.09"]
[EventType "tourn"]
[EventRounds "11"]
[EventCountry "SRI"]
[SourceTitle "CBM 201 Extra"]
[Source "ChessBase"]
[SourceDate "2021.05.31"]
[SourceVersion "1"]
[SourceVersionDate "2021.05.31"]
[SourceQuality "1"]

1. e4 c6 2. d4 d5 3. e5 Bf5 4. Nf3 e6 5. Be2 Nd7 6. 0-0 Bg6 7. c4 dxc4 8. Bxc4 Nb6 9. Bd3 Bh5 10. Be3 Ne7 11. Nc3 Qd7 12. Rc1 Ned5 13. Be2 Bg6 14. a3 Nxc3 15. Rxc3 Nd5 16. Rc1 Be7 17. Qb3 0-0 18. Nd2 Rfd8 19. Bd3 c5 20. Bb5 Qc7 21. Nf3 Bh5 22. Be2 b6 23. Rfd1 Rab8 24. h3 Nxe3 25. Qxe3 Qb7 26. dxc5 bxc5 27. Rxd8+ Bxd8 28. Rc2 Bb6 29. Rd2 c4 30. Qg5 Bxf3 31. Bxf3 Qc7 32. Bh5 c3 33. bxc3 Ba5 34. Rc2 Bxc3 35. Qe3 Rb1+ 36. Kh2 Qxe5+ 37. Qg3 Qxg3+ 38. fxg3 Rb8 1/2-1/2

[Event "SRI-ch U14 Girls"]
[Site "Nugegoda"]
[Date "2021.03.10"]
[Round "2"]
[White "Hettiarachchi, DWK"]
[Black "Weerasekara, Dishal Nimsara"]
[Result "0-1"]
[WhiteElo "1441"]
[BlackElo "1494"]
[PlyCount "46"]
[EventDate "2021.03.09"]
[EventType "tourn"]
[EventRounds "11"]
[EventCountry "SRI"]
[SourceTitle "CBM 201 Extra"]
[Source "ChessBase"]
[SourceDate "2021.05.31"]
[SourceVersion "1"]
[SourceVersionDate "2021.05.31"]
[SourceQuality "1"]

1. e4 e5 2. Nf3 Nc6 3. Bc4 Nf6 4. d4 exd4 5. 0-0 d6 6. Nxd4 Be7 7. Nc3 Ne5 8. Be2 0-0 9. h3 Re8 10. Bf4 Ng6 11. Bg3 Bd7 12. f4 c5 13. Ndb5 Qb6 14. e5 dxe5 15. fxe5 Ne4 16. Nd5 Qd8 17. Bh2 c4 18. Nbc7 Bc5+ 19. Kh1 Qh4 20. Nf4 Bc6 21. Nxg6 hxg6 22. Nxe8 Ng3+ 23. Bxg3 Qxh3+ 0-1